[Event "Rome Capablanca op 2nd"]
[Site "Rome"]
[Date "2009.07.11"]
[Round "2"]
[White "Vannelli, Vittorio"]
[Black "Bellachioma, Gianluca"]
[Result "1-0"]
[WhiteElo "1859"]
[BlackElo "1527"]
[PlyCount "27"]
[EventDate "2009.07.10"]
[EventType "swiss"]
[EventRounds "4"]
[EventCountry "ITA"]
[SourceTitle "EXT 2011"]
[Source "ChessBase"]
[SourceDate "2010.11.26"]
[SourceVersion "1"]
[SourceVersionDate "2010.11.26"]
[SourceQuality "1"]

1. e4 Nf6 2. Nc3 d5 3. exd5 Nxd5 4. Bc4 Nxc3 5. Qf3 e6 6. Qxc3 Nc6 7. Ne2 Qg5 8. 0-0 Be7 9. d4 Qf6 10. Bf4 Bd6 11. Bg3 b6 12. Bb5 Bxg3 13. Bxc6+ Ke7 14. fxg3 1-0